| 000 | 01928cam a2200349 i 4500 | ||
|---|---|---|---|
| 001 | 18663460 | ||
| 003 | SISC | ||
| 005 | 20161211125415.0 | ||
| 008 | 150617s2016 nju b 001 0 eng | ||
| 010 | _a 2015020393 | ||
| 020 | _a9781118679555 (hardback) | ||
| 040 |
_aDLC _beng _cDLC _erda _dDLC |
||
| 042 | _apcc | ||
| 050 | 0 | 0 |
_aTK 5105.5864 _b.B78 2016 |
| 082 | 0 | 0 | _a004.67/8 |
| 084 |
_aCOM032000 _2bisacsh |
||
| 100 | 1 |
_aBruen, Garth O., _eauthor. |
|
| 245 | 1 | 0 |
_aWHOIS running the Internet : _bprotocol, policy, and privacy / _cGarth O. Bruen. |
| 260 |
_aNew Jersey : _bJohn Wiley & Sons, Inc., _c2015. |
||
| 300 |
_axi, 340 pages ; _c25 cm |
||
| 500 | _aIncludes bibliographical references and index. | ||
| 520 | _a"This book provides a comprehensive overview of WHOIS. The text begins with an introduction to WHOIS and an in-depth coverage of its forty-year history. Afterwards it examines how to use WHOIS and how WHOIS fits in the overall structure of the Domain Name System (DNS). Other technical topics covered include WHOIS query code and WHOIS server details. The book also discusses current policy developments and implementations, reviews critical policy documents, and explains how they will affect the future of the Internet and WHOIS"-- | ||
| 650 | 0 | _aWHOIS (Computer network protocol) | |
| 650 | 0 |
_aInternet domain names _xGovernment policy. |
|
| 650 | 0 | _aPrivacy, Right of. | |
| 650 | 7 |
_aCOMPUTERS / Information Technology. _2bisacsh |
|
| 776 | 0 | 8 |
_iOnline version: _aBruen, Garth O. _tWHOIS running the Internet _dHoboken, New Jersey : John Wiley and Sons, Inc., 2015 _z9781118985779 _w(DLC) 2015025590 |
| 856 | 4 | 2 |
_3Cover image _uhttp://catalogimages.wiley.com/images/db/jimages/9781118679555.jpg |
| 906 |
_a7 _bcbc _corignew _d1 _eecip _f20 _gy-gencatlg |
||
| 942 |
_2lcc _cBK |
||
| 999 |
_c305372 _d305372 |
||